Normal view
MARC view
- السلوك- علم النفس التطبيقي
Entry Topical Term
001 - CONTROL NUMBER
- control field: 60669
003 - CONTROL NUMBER IDENTIFIER
- control field: JO-AjAnu
005 - DATE AND TIME OF LATEST TRANSACTION
- control field: 20230606083921.0
008 - FIXED-LENGTH DATA ELEMENTS
- fixed length control field: 230606|| aca||aabn | a|a d
040 ## - CATALOGING SOURCE
- Original cataloging agency: JO-AjAnu
- Transcribing agency: JO-AjAnu
150 ## - HEADING--TOPICAL TERM
- Topical term or geographic name entry element: السلوك- علم النفس التطبيقي
670 ## - SOURCE DATA FOUND
- Source citation: Work cat.: (JO-AjAnu)30938: تأليف: الزريقات، ابراهيم عبدالله, author 60668, تحليل السلوك التطبيقي: مبادىء واجراءات في تعديل السلوك=Applied Behavior Analysis: Principles&Procedures in Bhavior Modification